| 000 | 00960cam a22002653a 4500 | ||
|---|---|---|---|
| 001 | 32188 | ||
| 003 | PGUSA | ||
| 005 | 20140828083710.0 | ||
| 008 | 100430s2010||||xxu|||||s|||||000 | eng d | ||
| 040 |
_aPGUSA _beng |
||
| 042 | _adc | ||
| 050 | 4 | _aDA | |
| 100 | 1 |
_aGauden, John, _d1605-1662 |
|
| 245 | 1 | 0 |
_aEikon Basilike : _bThe Pourtracture of His Sacred Majestie, in His Solitudes and Sufferings _h[electronic resource] / _cJohn Gauden |
| 260 |
_bProject Gutenberg, _c2010 |
||
| 500 | _aAttributed to Charles I, also to John Gauden. | ||
| 506 | _aPublic domain in the USA. | ||
| 516 | _aElectronic text | ||
| 653 | _aGreat Britain -- History -- Civil War, 1642-1649 | ||
| 653 | _aCharles I, King of England, 1600-1649 -- Early works to 1800 | ||
| 740 | 0 | _aEikon Basilike The portraiture of his sacred majesty in his solitudes and sufferings | |
| 830 | 0 |
_aProject Gutenberg _v32188 |
|
| 856 | 4 | 0 | _uhttp://www.gutenberg.org/ebooks/32188 |
| 942 | _cEB | ||
| 999 |
_c261443 _d261443 |
||